[Event "11th Dubai Open 2009"]
[Site "Dubai"]
[Date "2009.04.27"]
[Round "2"]
[White "Miezis Normunds"]
[Black "Abdulov Orkhan"]
[Result "1/2-1/2"]
[WhiteElo "2579"]
[BlackElo "2339"]
[PlyCount "189"]
[EventDate "2009.04.26"]
[WhiteTeam "Lettland"]
[BlackTeam "Aserbeidschan"]
[WhiteTeamCountry "LAT"]
[BlackTeamCountry "AZE"]

1. c4 e6 2. e4 c5 3. Nc3 Nc6 4. d3 g6 5. g3 Bg7 6. Bg2 Nge7 7. Nge2 d6 8. Rb1
O-O 9. Be3 Nd4 10. b4 Nec6 11. b5 Nxe2 12. Nxe2 Ne7 13. O-O b6 14. d4 Bb7 15.
Qd2 Qc7 16. Rfd1 Rfd8 17. Rbc1 Rac8 18. a4 a6 19. Bg5 Kf8 20. d5 exd5 21. exd5
axb5 22. axb5 Re8 23. Re1 Ra8 24. g4 Ng8 25. h3 Nf6 26. Ng3 Qd7 27. Bf4 Rxe1+
28. Rxe1 Re8 29. g5 Rxe1+ 30. Qxe1 Ne8 31. Ne4 Bc8 32. Qe3 Qe7 33. Qg3 Be5 34.
Bxe5 Qxe5 35. Nc3 Qe1+ 36. Kh2 Bf5 37. h4 Ke7 38. h5 f6 39. hxg6 hxg6 40. f4
Qd2 41. Qf3 fxg5 42. fxg5 Qxg5 43. Qe2+ Kf7 44. Na4 Qf4+ 45. Kg1 Qd4+ 46. Kh2
Qa1 47. Nb2 Nf6 48. Bf3 Qc1 49. Nd3 Qh6+ 50. Kg1 Qg5+ 51. Kf1 Qg3 52. Nf2 Qf4
53. Kg2 g5 54. Bh5+ Kf8 55. Qf3 Qe5 56. Bg4 Be4 57. Nxe4 Qxe4 58. Qxe4 Nxe4 59.
Bf5 Nd2 60. Bd3 Kg7 61. Kf2 Kf6 62. Ke3 Nb3 63. Ke4 Nc1 64. Bf1 Kg6 65. Bh3 Nb3
66. Bg4 Nd2+ 67. Kd3 Nb3 68. Bd1 Nd4 69. Ke4 Nf5 70. Bg4 Ne7 71. Be2 Ng8 72.
Bd3 Nf6+ 73. Kf3+ Kh5 74. Bf5 g4+ 75. Kf4 Kh4 76. Bd3 Nh5+ 77. Kf5 Kh3 78. Bf1+
Kg3 79. Be2 Nf4 80. Bxg4 Ng2 81. Bh5 Ne3+ 82. Ke6 Nxc4 83. Be2 Ne5 84. Kxd6 Kf4
85. Kc7 Ke3 86. Bf1 Kd4 87. d6 c4 88. Bxc4 Kxc4 89. Kxb6 Kd5 90. Kc7 Ke6 91. b6
Nd7 92. b7 Nc5 93. b8=N Kd5 94. d7 Nxd7 95. Nxd7 1/2-1/2

[Event "11th Dubai Open 2009"]
[Site "Dubai"]
[Date "2009.04.27"]
[Round "2"]
[White "Milanovic Danilo"]
[Black "Bajarani Ulvi"]
[Result "1-0"]
[WhiteElo "2564"]
[BlackElo "2331"]
[PlyCount "67"]
[EventDate "2009.04.26"]
[WhiteTeam "SRB"]
[BlackTeam "Aserbeidschan"]
[BlackTeamCountry "AZE"]

1. d4 d5 2. c4 c6 3. Nc3 Nf6 4. e3 g6 5. h3 Bg7 6. Nf3 O-O 7. Bd3 b6 8. O-O Ba6
9. Qe2 dxc4 10. Bxc4 Bxc4 11. Qxc4 b5 12. Qe2 Nbd7 13. e4 Nb6 14. a3 a5 15. Bf4
e6 16. Rac1 Rc8 17. Rc2 Qe7 18. Rfc1 Nfd7 19. e5 f5 20. exf6 Nxf6 21. Bg5 h6
22. Bxf6 Bxf6 23. Ne4 Nc4 24. a4 Qb4 25. Nc5 Rfe8 26. Qe4 Kh7 27. Qf4 Bg7 28.
Nd3 Qxa4 29. Qg4 e5 30. dxe5 {Diagram #} Rcd8 31. Nf4 g5 32. Qf5+ Kg8 33. Ne6
Rd7 34. Nc5 1-0

[Event "11th Dubai Open 2009"]
[Site "Dubai"]
[Date "2009.04.28"]
[Round "3.1"]
[White "Guseinov Gadir"]
[Black "Arutinian David"]
[Result "1/2-1/2"]
[WhiteElo "2659"]
[BlackElo "2548"]
[PlyCount "69"]
[EventDate "2009.04.26"]
[WhiteTeam "Aserbeidschan"]
[BlackTeam "Georgien"]
[WhiteTeamCountry "AZE"]
[BlackTeamCountry "GEO"]

1. e4 c5 2. Nc3 Nc6 3. Nf3 d6 4. d4 cxd4 5. Nxd4 Nf6 6. Bg5 Bd7 7. Qd2 Nxd4 8.
Qxd4 Qa5 9. f4 e5 10. Qd2 Be7 11. O-O-O Bc6 12. Bxf6 Bxf6 13. f5 Qc5 14. Kb1
O-O-O 15. b3 g6 16. Bc4 gxf5 17. Qh6 Be7 18. Qh3 Rd7 19. Qxf5 Bd8 20. Rd3 Ba5
21. Nd5 Kb8 22. Ne3 Rc7 23. Rc1 Bd2 24. Rxd2 Qxe3 25. Re2 Qh6 26. g3 Bd7 27.
Qf3 Rf8 28. Qd3 f5 29. Rd1 Rf6 30. Rf2 f4 31. gxf4 exf4 32. Qd4 Qg5 33. Bd5 Bc6
34. Bxc6 Rxc6 35. Rf3 1/2-1/2

[Event "11th Dubai Open 2009"]
[Site "Dubai"]
[Date "2009.04.28"]
[Round "3.3"]
[White "Kotsur Pavel"]
[Black "Hossain Enamul"]
[Result "0-1"]
[WhiteElo "2589"]
[BlackElo "2531"]
[PlyCount "96"]
[EventDate "2009.04.26"]
[WhiteTeam "Kazakhstan"]
[BlackTeam "Bangladesch"]
[WhiteTeamCountry "KAZ"]
[BlackTeamCountry "BAN"]

1. e4 c5 2. Nf3 e6 3. d4 cxd4 4. Nxd4 a6 5. Be2 Qc7 6. O-O Nf6 7. Nc3 Nc6 8.
Kh1 Be7 9. f4 d6 10. Be3 O-O 11. Qe1 Nxd4 12. Bxd4 b5 13. a3 Bb7 14. Qg3 Rad8
15. Bd3 Rd7 16. Rae1 Qd8 17. Qh3 g6 18. Re3 Re8 19. Re2 Bf8 20. f5 Bg7 21. Qh4
gxf5 22. exf5 e5 23. Be3 e4 24. Bg5 d5 25. Re3 Rd6 26. Rg3 Kf8 27. Be2 d4 28.
Nd1 d3 29. cxd3 exd3 30. Bf3 Bxf3 31. Rgxf3 d2 32. Be3 Re4 33. Qh3 Rd5 34. Rg3
h5 35. b4 Rg4 36. Rxg4 hxg4 37. Qh4 Re5 38. Qg3 Re4 39. Qf2 Qd3 40. Rg1 Nd5 41.
Bxd2 {Diagram #} Bd4 42. Bh6+ Ke8 43. Qf1 Re2 44. f6 Bxg1 45. Kxg1 Qd4+ 46. Nf2
Re6 47. Qc1 Nc3 48. Qd2 Re2 0-1

[Event "11th Dubai Open 2009"]
[Site "Dubai"]
[Date "2009.04.28"]
[Round "3.4"]
[White "Brkic Ante"]
[Black "Mchedlishvili Mikheil"]
[Result "1/2-1/2"]
[WhiteElo "2541"]
[BlackElo "2586"]
[PlyCount "55"]
[EventDate "2009.04.26"]
[WhiteTeam "Kroatien"]
[BlackTeam "Georgien"]
[WhiteTeamCountry "CRO"]
[BlackTeamCountry "GEO"]

1. e4 c5 2. Nf3 e6 3. d4 cxd4 4. Nxd4 a6 5. Bd3 g6 6. O-O Bg7 7. Be3 Ne7 8. f4
Nbc6 9. Nxc6 Nxc6 10. c3 O-O 11. Nd2 b5 12. a3 Bb7 13. Nf3 d6 14. Qe1 Re8 15.
Qg3 f5 16. Rfe1 Ne7 17. Bd4 fxe4 18. Bxe4 Bxe4 19. Rxe4 Nf5 20. Qe1 Nxd4 21.
Nxd4 Bxd4+ 22. cxd4 Qf6 23. Qe3 Qf5 24. Re1 Kf7 25. h3 Rac8 26. Re2 h5 27. Kh2
Re7 28. Rf2 1/2-1/2

[Event "11th Dubai Open 2009"]
[Site "Dubai"]
[Date "2009.04.28"]
[Round "3.5"]
[White "Ibrahimov Rasul"]
[Black "Pantsulaia Levan"]
[Result "1/2-1/2"]
[WhiteElo "2537"]
[BlackElo "2581"]
[PlyCount "23"]
[EventDate "2009.04.26"]
[WhiteTeam "Aserbeidschan"]
[BlackTeam "Georgien"]
[WhiteTeamCountry "AZE"]
[BlackTeamCountry "GEO"]

1. Nf3 Nf6 2. c4 c5 3. Nc3 d5 4. cxd5 Nxd5 5. d4 e6 6. e4 Nxc3 7. bxc3 cxd4 8.
cxd4 Bb4+ 9. Bd2 Bxd2+ 10. Qxd2 O-O 11. Bc4 Nc6 12. O-O 1/2-1/2

[Event "11th Dubai Open 2009"]
[Site "Dubai"]
[Date "2009.04.28"]
[Round "3.6"]
[White "Perunovic Milos"]
[Black "Laxman R R"]
[Result "1/2-1/2"]
[WhiteElo "2580"]
[BlackElo "2521"]
[PlyCount "38"]
[EventDate "2009.04.26"]
[WhiteTeam "SRB"]
[BlackTeam "Indien"]
[BlackTeamCountry "IND"]

1. e4 e5 2. Nf3 Nc6 3. Bc4 Nf6 4. d3 Bc5 5. c3 d6 6. Bb3 a6 7. O-O Ba7 8. Nbd2
O-O 9. h3 Be6 10. Re1 Nd7 11. Nf1 Bxb3 12. axb3 f5 13. exf5 Rxf5 14. Be3 Bxe3
15. Nxe3 Rf8 16. b4 Kh8 17. Nd5 Ne7 18. Nxe7 Qxe7 19. d4 Nb8 1/2-1/2

[Event "11th Dubai Open 2009"]
[Site "Dubai"]
[Date "2009.04.28"]
[Round "3.7"]
[White "Melkumyan Hrant"]
[Black "Milanovic Danilo"]
[Result "0-1"]
[WhiteElo "2528"]
[BlackElo "2564"]
[PlyCount "134"]
[EventDate "2009.04.26"]
[WhiteTeam "Armenien"]
[BlackTeam "SRB"]
[WhiteTeamCountry "ARM"]

1. d4 Nf6 2. Nf3 c5 3. d5 d6 4. Nc3 g6 5. e4 Bg7 6. Bb5+ Bd7 7. a4 O-O 8. O-O
Bxb5 9. axb5 Nbd7 10. Qe2 Nb6 11. Rd1 Ne8 12. Na4 Nxa4 13. Rxa4 Nc7 14. c4 a6
15. bxa6 b5 16. cxb5 Qd7 17. e5 Nxb5 18. Rh4 Rxa6 19. Bh6 Bxh6 20. Rxh6 Ra4 21.
Qe3 Qf5 22. Rh3 Qf4 23. Qe2 Nd4 24. Nxd4 Rxd4 25. exd6 exd6 26. Re3 Kg7 27. g3
Qf6 28. b3 Ra8 29. Rxd4 Qxd4 30. Qc4 Ra1+ 31. Kg2 Rd1 32. Re4 Qxd5 33. Qxd5
Rxd5 34. b4 h5 35. bxc5 dxc5 36. Re7 Kf6 37. Rc7 Ke6 38. Kf3 Rf5+ 39. Ke3 Kd6
40. Rc8 Re5+ 41. Kd3 Re7 42. h3 Rc7 43. Re8 c4+ 44. Kc3 Kd5 45. f4 Kd6 46. g4
Ra7 47. gxh5 gxh5 48. Rh8 Ra3+ 49. Kxc4 Rxh3 50. Kd4 Ke6 51. Ke4 Kf6 52. Rh6+
Kg7 53. Ra6 Rb3 54. Kf5 Rg3 55. Ke4 h4 56. Ra5 Kg6 57. Ra8 f5+ 58. Kd4 Kh5 59.
Ke5 Kg4 60. Rg8+ Kf3 61. Ra8 h3 62. Kxf5 h2 63. Ra3+ Kg2 64. Ra2+ Kh3 65. Rxh2+
Kxh2 66. Kf6 Kh3 67. f5 Kh4 0-1

[Event "11th Dubai Open 2009"]
[Site "Dubai"]
[Date "2009.04.28"]
[Round "3.8"]
[White "Maletin Pavel"]
[Black "Guliev Sarhan"]
[Result "1-0"]
[WhiteElo "2559"]
[BlackElo "2489"]
[PlyCount "99"]
[EventDate "2009.04.26"]
[WhiteTeam "Russland"]
[BlackTeam "Aserbeidschan"]
[WhiteTeamCountry "RUS"]
[BlackTeamCountry "AZE"]

1. d4 d5 2. c4 e6 3. Nf3 c5 4. cxd5 exd5 5. g3 Nc6 6. Bg2 Nf6 7. O-O h6 8. Nc3
Be7 9. Be3 c4 10. b3 Qa5 11. Bd2 Bb4 12. Qc1 O-O 13. a3 Bxc3 14. Bxc3 Qa6 15.
bxc4 Qxc4 16. Qb2 Bf5 17. Ne5 Qa6 18. Rfc1 Ne4 19. e3 Rfc8 20. Bb4 Qb6 21. Qa2
Nxe5 22. Rxc8+ Rxc8 23. Qxd5 Qc6 24. Qxe5 Bg6 25. Rf1 b6 26. d5 Qc4 27. d6 Qe6
28. Qxe6 fxe6 29. f3 Nf6 30. e4 Rc2 31. Rd1 Nd7 32. f4 Bh5 33. Rd4 Be2 34. e5
Kf7 35. Be4 Rc1+ 36. Kf2 Bb5 37. a4 Bc6 38. Bd2 Rc5 39. Bd3 a5 40. Bc4 Bd5 41.
Bxd5 Rxd5 42. Rxd5 exd5 43. Be3 Ke6 44. g4 Nc5 45. f5+ Kd7 46. Bxc5 bxc5 47.
Ke3 Kc6 48. h4 Kd7 49. g5 hxg5 50. hxg5 1-0

[Event "11th Dubai Open 2009"]
[Site "Dubai"]
[Date "2009.04.28"]
[Round "3.9"]
[White "El Taher Fouad"]
[Black "Bachmann Axel"]
[Result "1/2-1/2"]
[WhiteElo "2488"]
[BlackElo "2555"]
[PlyCount "33"]
[EventDate "2009.04.26"]
[WhiteTeam "Ägypten"]
[BlackTeam "Paraguay"]
[WhiteTeamCountry "EGY"]
[BlackTeamCountry "PAR"]

1. e4 d6 2. d4 Nf6 3. Nc3 g6 4. Nf3 Bg7 5. Be3 O-O 6. Qd2 c6 7. Bd3 Bg4 8. Ng5
Qa5 9. h3 Bc8 10. O-O Nbd7 11. f4 c5 12. a3 cxd4 13. Bxd4 e5 14. b4 Qd8 15. Be3
exf4 16. Bxf4 Ne5 17. Rad1 1/2-1/2

[Event "11th Dubai Open 2009"]
[Site "Dubai"]
[Date "2009.04.28"]
[Round "3.10"]
[White "Ashwin Jayaram"]
[Black "Arun Prasad S"]
[Result "1/2-1/2"]
[WhiteElo "2413"]
[BlackElo "2552"]
[PlyCount "60"]
[EventDate "2009.04.26"]
[WhiteTeam "Indien"]
[BlackTeam "Indien"]
[WhiteTeamCountry "IND"]
[BlackTeamCountry "IND"]

1. e4 c6 2. d4 d5 3. e5 Bf5 4. Nd2 e6 5. Nb3 Nd7 6. Be3 f6 7. f4 Nh6 8. Nf3 Be7
9. Bd3 O-O 10. O-O fxe5 11. fxe5 Bxd3 12. Qxd3 Nf5 13. Bf2 h5 14. c4 Nb6 15. c5
Nc4 16. Nbd2 Nxd2 17. Nxd2 b6 18. b4 bxc5 19. bxc5 Qa5 20. Rfb1 Rab8 21. Qc2
Qa6 22. Nf3 g5 23. Qd2 g4 24. Ng5 Bxg5 25. Qxg5+ Ng7 26. Qd2 Qc4 27. Bh4 Nf5
28. Qg5+ Ng7 29. Qd2 Nf5 30. Qg5+ Ng7 1/2-1/2

[Event "11th Dubai Open 2009"]
[Site "Dubai"]
[Date "2009.04.28"]
[Round "3.11"]
[White "Kotanjian Tigran"]
[Black "Debashis Das"]
[Result "1-0"]
[WhiteElo "2552"]
[BlackElo "2352"]
[PlyCount "69"]
[EventDate "2009.04.26"]
[WhiteTeam "Armenien"]
[BlackTeam "Indien"]
[WhiteTeamCountry "ARM"]
[BlackTeamCountry "IND"]

1. d4 d5 2. c4 c6 3. Nf3 Nf6 4. e3 Bf5 5. Nc3 e6 6. Nh4 Bg6 7. Nxg6 hxg6 8. a3
Nbd7 9. g3 Be7 10. b3 e5 11. Bg2 e4 12. O-O Nb6 13. Bd2 O-O 14. Qe2 Qd7 15. c5
Nc8 16. b4 a6 17. a4 Bd8 18. b5 Ne7 19. bxc6 Nxc6 20. Rfb1 Ba5 21. Nd1 Rfb8 22.
Bxa5 Nxa5 23. Nc3 b6 24. cxb6 Qc6 25. Qe1 Rxb6 26. Nxd5 Nxd5 27. Qxa5 Rxb1+ 28.
Rxb1 Nc3 29. Ra1 Rb8 30. Bf1 Rb2 31. Qxa6 Qd7 32. Qa5 Rc2 33. Qe5 Qg4 34. a5
Nd1 35. Qf4 1-0

[Event "11th Dubai Open 2009"]
[Site "Dubai"]
[Date "2009.04.28"]
[Round "3.13"]
[White "Turova Irina"]
[Black "Aleksandrov Aleksej"]
[Result "1/2-1/2"]
[WhiteElo "2396"]
[BlackElo "2624"]
[PlyCount "50"]
[EventDate "2009.04.26"]
[WhiteTeam "Armenien"]
[BlackTeam "Indien"]
[WhiteTeamCountry "ARM"]
[BlackTeamCountry "IND"]

1. d4 d5 2. c4 e6 3. Nf3 Nf6 4. Nc3 Bb4 5. cxd5 exd5 6. Bg5 Nbd7 7. Qc2 c5 8.
dxc5 h6 9. Bxf6 Qxf6 10. O-O-O Bxc3 11. Qxc3 Qxc3+ 12. bxc3 Nf6 13. e3 O-O 14.
Bd3 Bg4 15. Rd2 Rac8 16. Ne5 Rxc5 17. Nxg4 Nxg4 18. Kb2 g6 19. Bc2 Rfc8 20. Bb3
Nf6 21. Rd3 R8c6 22. Rhd1 Rb5 23. h3 h5 24. Rd4 Kg7 25. h4 Ra5 1/2-1/2

[Event "11th Dubai Open 2009"]
[Site "Dubai"]
[Date "2009.04.28"]
[Round "3.14"]
[White "Safarli Eltaj"]
[Black "Sengupta Deep"]
[Result "1/2-1/2"]
[WhiteElo "2599"]
[BlackElo "2466"]
[PlyCount "78"]
[EventDate "2009.04.26"]
[WhiteTeam "Aserbeidschan"]
[BlackTeam "Indien"]
[WhiteTeamCountry "AZE"]
[BlackTeamCountry "IND"]

1. e4 c6 2. d4 d5 3. Nc3 dxe4 4. Nxe4 Bf5 5. Ng3 Bg6 6. h4 h6 7. Nf3 Nd7 8. h5
Bh7 9. Bd3 Bxd3 10. Qxd3 e6 11. Bd2 Ngf6 12. O-O-O Qc7 13. Ne4 O-O-O 14. g3
Nxe4 15. Qxe4 Nf6 16. Qe2 Bd6 17. Kb1 Kb8 18. c4 c5 19. Bc3 cxd4 20. Nxd4 a6
21. Rhe1 Rd7 22. Nf3 Rhd8 23. Rd2 Ka8 24. Bxf6 gxf6 25. Red1 Bc5 26. Rxd7 Rxd7
27. Rxd7 Qxd7 28. a3 Qc6 29. b4 Ba7 30. c5 Bb8 31. Qd3 Ka7 32. Kb2 Bc7 33. Nd2
Qh1 34. Nc4 Qxh5 35. Nd6 Kb8 36. f4 Qg6 37. f5 Qg4 38. Nxf7 exf5 39. Nxh6 Qxg3
1/2-1/2

[Event "11th Dubai Open 2009"]
[Site "Dubai"]
[Date "2009.04.28"]
[Round "3.15"]
[White "Abdulov Orkhan"]
[Black "Volkov Sergey"]
[Result "1-0"]
[WhiteElo "2339"]
[BlackElo "2594"]
[PlyCount "173"]
[EventDate "2009.04.26"]
[WhiteTeam "Aserbeidschan"]
[BlackTeam "Indien"]
[WhiteTeamCountry "AZE"]
[BlackTeamCountry "IND"]

1. e4 e6 2. d4 d5 3. exd5 exd5 4. c4 Nf6 5. Nc3 Bb4 6. Bd3 O-O 7. Nge2 dxc4 8.
Bxc4 Nbd7 9. O-O Nb6 10. Bb3 c6 11. Qd3 Nfd5 12. Nf4 Ne7 13. a3 Bd6 14. Qf3 Ng6
15. Nxg6 hxg6 16. h3 Bb8 17. Re1 a5 18. a4 Bf5 19. g4 Bd7 20. Bd2 Bd6 21. Rad1
Bb4 22. Re5 Be6 23. Bg5 Qd7 24. Bxe6 fxe6 25. Qd3 Qf7 26. Bh4 Bxc3 27. bxc3
Nxa4 28. Rde1 Nb6 29. c4 Rfe8 30. Rg5 a4 31. Rxg6 Nd7 32. Rg5 a3 33. Ra1 Qf4
34. Rh5 Nf6 35. Bxf6 Qxf6 36. Rxa3 Rxa3 37. Qxa3 Qxd4 38. Qg3 Ra8 39. Kg2 Qe4+
40. Kh2 Qxc4 41. Qh4 Qf4+ 42. Kg2 Kf7 43. Rh8 Qe4+ 44. Kh2 Qe5+ 45. Kg2 Ra1 46.
Qh7 Ke7 47. Rg8 Qd5+ 48. Kg3 Ra3+ 49. Kh2 Qe5+ 50. Kg2 Kf7 51. Rh8 Qd5+ 52. Kh2
Rf3 53. Qg8+ Ke7 54. Qxg7+ Rf7 55. Qb2 c5 56. Kg1 Qd1+ 57. Kg2 b5 58. Rb8 Qf3+
59. Kg1 Qd1+ 60. Kg2 Qd5+ 61. Kg1 b4 62. Qa1 e5 63. Rb6 Kf8 64. Qc1 Ke8 65. Rb5
Rc7 66. Qg5 Qd1+ 67. Kg2 Qd5+ 68. Kg1 Qd1+ 69. Kg2 Qd6 {Diagram #} 70. Rb8+ Kf7
71. Qg8+ Ke7 72. Re8+ Kd7 73. Rd8+ Kc6 74. Rxd6+ Kxd6 75. Qc4 Rb7 76. Qb3 e4
77. g5 Ke5 78. Qg3+ Kd4 79. Qd6+ Kc4 80. Qa6+ Rb5 81. g6 b3 82. g7 Kb4 83. g8=Q
c4 84. Qf8+ Kc3 85. Qxb5 e3 86. fxe3 b2 87. Qa3+ 1-0

[Event "11th Dubai Open 2009"]
[Site "Dubai"]
[Date "2009.04.28"]
[Round "3.16"]
[White "Ghaem Maghami Ehsan"]
[Black "Lalith Babu M R"]
[Result "1-0"]
[WhiteElo "2593"]
[BlackElo "2480"]
[PlyCount "97"]
[EventDate "2009.04.26"]
[WhiteTeam "Iran"]
[BlackTeam "Indien"]
[WhiteTeamCountry "IRI"]
[BlackTeamCountry "IND"]

1. e4 c6 2. d4 d5 3. exd5 cxd5 4. c4 Nf6 5. Nc3 e6 6. Nf3 Be7 7. cxd5 Nxd5 8.
Bd3 Nc6 9. O-O O-O 10. Re1 Bf6 11. Be4 Nce7 12. Ne5 a6 13. Ng4 Bh4 14. Ne3 Bf6
15. Ng4 Bh4 16. Ne5 Bf6 17. Qh5 g6 18. Qf3 Bg7 19. h4 h5 20. a3 b6 21. Nd3 Ra7
22. Bg5 Nxc3 23. bxc3 Qc7 24. Nb4 Bb7 25. Bxb7 Qxb7 26. Qxb7 Rxb7 27. Nxa6 Nd5
28. c4 Nc7 29. Nb4 Bxd4 30. Rad1 Bc5 31. Bh6 Re8 32. Rd7 Re7 33. Red1 Ne8 34.
Rd8 Bxb4 35. axb4 e5 36. Bg5 Re6 37. Rc8 f6 {Diagram #} 38. Bxf6 Kf7 39. Bg5
Nd6 40. Rc6 Ne4 41. b5 Nxg5 42. hxg5 Ke7 43. Rxe6+ Kxe6 44. Rd8 Rc7 45. Rf8 Kd6
46. Rf6+ Ke7 47. Rxg6 Rxc4 48. Rxb6 Rb4 49. Rb7+ 1-0

[Event "11th Dubai Open 2009"]
[Site "Dubai"]
[Date "2009.04.28"]
[Round "3.17"]
[White "Turov, Maxim"]
[Black "Priyadharshan, K."]
[Result "1/2-1/2"]
[WhiteElo "2582"]
[BlackElo "2411"]
[PlyCount "39"]
[EventDate "2009.04.26"]
[WhiteTeam "Iran"]
[BlackTeam "Indien"]
[WhiteTeamCountry "IRI"]
[BlackTeamCountry "IND"]

1. d4 Nf6 2. c4 e6 3. Nc3 Bb4 4. Bg5 h6 5. Bh4 g5 6. Bg3 Ne4 7. Qc2 Nxg3 8.
hxg3 Qf6 9. a3 Bxc3+ 10. Qxc3 d6 11. e3 Nc6 12. Nf3 e5 13. d5 Ne7 14. Nd2 g4
15. e4 c5 16. b4 b6 17. f4 gxf3 18. gxf3 Rg8 19. g4 Ng6 20. Rxh6 1/2-1/2

[Event "11th Dubai Open 2009"]
[Site "Dubai"]
[Date "2009.04.28"]
[Round "3.18"]
[White "Hirneise, Tobias"]
[Black "Miezis, Normunds"]
[Result "0-1"]
[WhiteElo "2407"]
[BlackElo "2579"]
[PlyCount "74"]
[EventDate "2009.04.26"]
[WhiteTeam "Iran"]
[BlackTeam "Indien"]
[WhiteTeamCountry "IRI"]
[BlackTeamCountry "IND"]

1. e4 c5 2. Nf3 e6 3. d4 cxd4 4. Nxd4 a6 5. Nc3 Qc7 6. Bd3 Nc6 7. Nxc6 dxc6 8.
O-O Nf6 9. f4 e5 10. Kh1 Bd6 11. f5 h5 12. Be3 Qe7 13. Qf3 b5 14. a4 Bb7 15.
axb5 cxb5 16. Nd5 Bxd5 17. exd5 O-O 18. Be4 Qc7 19. Bg5 Nxe4 20. Qxe4 f6 21.
Be3 Rfc8 22. c3 a5 23. Qf3 Qf7 24. Bb6 a4 25. Qd3 Qb7 26. Bg1 Rc4 27. Qf3 h4
28. Qd3 Rac8 29. Rab1 b4 30. cxb4 Rxb4 31. h3 Qb5 32. Qxb5 Rxb5 33. Ra1 Rc4 34.
Ra2 Kf7 35. Bf2 Rb3 36. Kg1 g6 37. fxg6+ Kxg6 0-1

[Event "11th Dubai Open 2009"]
[Site "Dubai"]
[Date "2009.04.28"]
[Round "3.19"]
[White "Geetha, Narayanan Gopal"]
[Black "Al Qudaimi, Basheer"]
[Result "1/2-1/2"]
[WhiteElo "2572"]
[BlackElo "2423"]
[PlyCount "50"]
[EventDate "2009.04.26"]
[WhiteTeam "Iran"]
[BlackTeam "Indien"]
[WhiteTeamCountry "IRI"]
[BlackTeamCountry "IND"]

1. e4 e5 2. Nf3 Nf6 3. Nxe5 d6 4. Nf3 Nxe4 5. Nc3 Nxc3 6. dxc3 Be7 7. Be3 Nc6
8. Qd2 Be6 9. h4 h6 10. g3 Ne5 {Diagram #} 11. Bg2 Nc4 12. Qe2 Nxe3 13. Qxe3 c5
14. O-O-O Qa5 15. a3 O-O-O 16. Bh3 Bxh3 17. Rxh3 Bf6 18. Rhh1 d5 19. Qf4 Qa6
20. Rhe1 Qd6 21. Ne5 Rhe8 22. Qf5+ Qe6 23. Qxe6+ fxe6 24. a4 c4 25. f4 Kc7
1/2-1/2

[Event "11th Dubai Open 2009"]
[Site "Dubai"]
[Date "2009.04.28"]
[Round "3.20"]
[White "Jankovic, Alojzije"]
[Black "Moosavian, S Hamed"]
[Result "1-0"]
[WhiteElo "2540"]
[BlackElo "2395"]
[PlyCount "67"]
[EventDate "2009.04.26"]
[WhiteTeam "Iran"]
[BlackTeam "Indien"]
[WhiteTeamCountry "IRI"]
[BlackTeamCountry "IND"]

1. d4 e6 2. c4 f5 3. g3 Nf6 4. Bg2 c6 5. Nd2 d5 6. Nh3 Bd6 7. O-O O-O 8. Qc2 b6
9. Nf3 a5 10. Bf4 Ba6 11. cxd5 cxd5 12. Rfc1 Ra7 13. Bxd6 Qxd6 14. Nf4 Rff7 15.
e3 Rfc7 16. Qd1 Nc6 17. Bf1 Bxf1 18. Qxf1 Nd8 19. Qb5 Kf8 20. h4 Ke7 21. Ne5
Ne8 22. a3 Rxc1+ 23. Rxc1 Rc7 24. Rb1 Nc6 25. Nfd3 Nxe5 26. Nxe5 {Diagram #}
Rc2 27. b4 Nc7 28. Qd3 Ra2 29. Qb3 Rd2 30. Nf3 a4 31. Qxa4 Rd3 32. Rc1 Rxe3 33.
Qa7 Kd7 34. Rxc7+ 1-0

[Event "11th Dubai Open 2009"]
[Site "Dubai"]
[Date "2009.04.28"]
[Round "3.22"]
[White "Isgandarova, Khayala"]
[Black "Fedorov, Alexei"]
[Result "0-1"]
[WhiteElo "2230"]
[BlackElo "2611"]
[PlyCount "62"]
[EventDate "2009.04.26"]
[WhiteTeam "Iran"]
[BlackTeam "Indien"]
[WhiteTeamCountry "IRI"]
[BlackTeamCountry "IND"]

1. e4 c5 2. Nf3 Nc6 3. Bb5 e6 4. O-O Nge7 5. b3 a6 6. Bxc6 Nxc6 7. Bb2 d6 8. d4
cxd4 9. Nxd4 Bd7 10. c4 Be7 11. Na3 O-O 12. Nac2 Nxd4 13. Nxd4 b5 14. cxb5 axb5
15. Qe2 Qb6 16. Rfd1 b4 17. Rd3 Ra5 18. Rg3 e5 19. Nf5 Bxf5 20. exf5 Rfa8 21.
Qg4 Bf6 22. Rf1 Rxa2 23. Bc1 Ra1 24. Qc4 Qb7 25. Bd2 {Diagram #} d5 26. Qxb4
Rxf1+ 27. Kxf1 Ra1+ 28. Ke2 Qa6+ 29. Ke3 h6 30. Kf3 Qd3+ 31. Kg4 h5+ 0-1

[Event "11th Dubai Open 2009"]
[Site "Dubai"]
[Date "2009.04.28"]
[Round "3.24"]
[White "Tscharotschkin, Michael"]
[Black "Gagunashvili, Merab"]
[Result "0-1"]
[WhiteElo "2209"]
[BlackElo "2591"]
[PlyCount "78"]
[EventDate "2009.04.26"]
[WhiteTeam "Iran"]
[BlackTeam "Indien"]
[WhiteTeamCountry "IRI"]
[BlackTeamCountry "IND"]

1. e4 d6 2. d4 Nf6 3. Nc3 g6 4. h3 Bg7 5. Nf3 O-O 6. Be3 c6 7. a4 Nbd7 8. Bd3
Qc7 9. Qd2 b6 10. Bh6 a6 11. O-O Rb8 12. Rfe1 e5 13. dxe5 dxe5 14. Bxg7 Kxg7
15. Bc4 b5 16. axb5 axb5 17. Bb3 Nc5 18. Qe3 Qe7 19. Nd2 Rd8 20. f3 Rb7 21. Ba2
Rbd7 22. Nb3 Ne6 23. Qb6 Rd6 24. Ne2 Nh5 25. Nc5 Nef4 26. Nd3 {Diagram #} Rxd3
27. cxd3 Qg5 28. g4 Nxh3+ 29. Kh2 N3f4 30. Qc7 Qh4+ 31. Kg1 Nh3+ 32. Kh1 Ng5+
33. Kg2 Qh3+ 34. Kg1 Nxf3+ 35. Kf2 Qh4+ 36. Ke3 Nxe1 37. Qxe5+ Qf6 38. Qxf6+
Nxf6 39. Rxe1 Nxg4+ 0-1

[Event "11th Dubai Open 2009"]
[Site "Dubai"]
[Date "2009.04.28"]
[Round "3.25"]
[White "Anastasian, Ashot"]
[Black "Iihomzoda, Ikrom"]
[Result "1-0"]
[WhiteElo "2554"]
[BlackElo "2222"]
[PlyCount "71"]
[EventDate "2009.04.26"]
[WhiteTeam "Iran"]
[BlackTeam "Indien"]
[WhiteTeamCountry "IRI"]
[BlackTeamCountry "IND"]

1. d4 d5 2. c4 Nc6 3. cxd5 Qxd5 4. e3 e5 5. Nc3 Bb4 6. Bd2 Bxc3 7. Bxc3 exd4 8.
Ne2 Bg4 9. f3 {Diagram #} Bxf3 10. gxf3 Qxf3 11. Nxd4 Qxh1 12. Qg4 Nge7 13.
O-O-O h5 14. Qxg7 Rg8 15. Qh7 Qg1 16. Nb5 Rc8 17. Qd3 Qg4 18. Be2 Qf5 19. Qc4
Qe6 {Diagram #} 20. Qxe6 fxe6 21. Bxh5+ Ng6 22. Rg1 Kf7 23. Rf1+ Ke7 24. Bf6+
Kd7 25. Rd1+ Ke8 26. e4 a6 27. Nd4 Nxd4 28. Rxd4 Kf8 29. Rd7 e5 30. Bg5 b5 31.
h4 c5 32. Bh6+ Ke8 33. Rd6 Kf7 34. Bg5 Rg7 35. Rf6+ Kg8 36. Bxg6 1-0

[Event "11th Dubai Open 2009"]
[Site "Dubai"]
[Date "2009.04.28"]
[Round "3.26"]
[White "Sturua, Zurab"]
[Black "Tabada, Jobannie C"]
[Result "1-0"]
[WhiteElo "2514"]
[BlackElo "2186"]
[PlyCount "56"]
[EventDate "2009.04.26"]
[WhiteTeam "Iran"]
[BlackTeam "Indien"]
[WhiteTeamCountry "IRI"]
[BlackTeamCountry "IND"]

1. d4 Nf6 2. Nf3 g6 3. c4 Bg7 4. g3 O-O 5. Bg2 d6 6. Nc3 Nbd7 7. O-O e5 8. e4
c6 9. h3 Qa5 10. Re1 exd4 11. Nxd4 Ne5 12. Bf1 Re8 13. Rb1 Be6 14. b4 Qb6 15.
Be3 Qd8 16. Nxe6 Rxe6 17. Kg2 Qc7 18. Qc2 Ned7 19. f3 h5 20. h4 Ne5 21. Rbd1
Nfd7 22. Ne2 a5 23. Nf4 Ree8 24. a3 axb4 25. axb4 Ra3 26. Qd2 Rea8 27. Rc1 Ra2
28. Rc2 Ra1 {52 moves} 1-0

[Event "11th Dubai Open 2009"]
[Site "Dubai"]
[Date "2009.04.28"]
[Round "3.27"]
[White "Al Mohayri, Sabri M"]
[Black "Sundararajan, Kidambi"]
[Result "0-1"]
[WhiteElo "2190"]
[BlackElo "2487"]
[PlyCount "80"]
[EventDate "2009.04.26"]
[WhiteTeam "Iran"]
[BlackTeam "Indien"]
[WhiteTeamCountry "IRI"]
[BlackTeamCountry "IND"]

1. e4 c5 2. Nf3 e6 3. c3 Nf6 4. d3 Nc6 5. Be2 d5 6. e5 Nd7 7. d4 f6 8. exf6
Nxf6 9. O-O Bd6 10. Be3 cxd4 11. cxd4 O-O 12. Nc3 Bd7 13. Rc1 Rc8 14. h3 Be8
15. Kh1 Bg6 16. Nh4 Bf7 17. f4 {Diagram #} Ne4 18. Nxe4 dxe4 19. g3 Be7 20. Ng2
Bf6 21. Qa4 Ne7 22. g4 Rxc1 23. Rxc1 Nd5 24. Bg1 Qb6 25. Qb5 Bxd4 26. Qxb6 Bxb6
27. Bxb6 axb6 28. Rc4 Bg6 29. Kh2 Nxf4 30. Nxf4 Rxf4 31. Kg3 e5 32. Rc7 Kf8 33.
a3 Rf6 34. Rxb7 e3 35. b3 Be4 36. Rd7 Rf2 37. Bb5 g5 38. h4 Rf3+ 39. Kg2 e2 40.
Rd8+ Kg7 0-1